=LDR 00000nam 2200000 4500 =001 INLIS000000000060592 =005 20220224093439 =035 ##$$a 0010-0222000146 =007 ta =008 220224###########################0#ind## =082 ##$$a R. 348.02 =084 ##$$a R.348.02 Ind p =245 ##$$a Peraturan Menteri Dalam Negeri Nomor 56 Tahun 2009 dan Peraturan Menteri Dalam Negeri Nomor 65 Tahun 2008 =300 ##$$a 53 halaman ; $c 21 cm. =650 #4$$a Undang-Undang dan Peraturan =264 ##$$a jakarta :$b Kementeria Dalam Negeri Republik Indonesia,$c 2009 =336 ##$$a teks$2 rdacontent =337 ##$$a lain-lain$2 rdamedia =338 ##$$a lain-lain$2 rdacarrier =990 ##$$a 06820682